000 00284nam a2200109Ia 4500
008 190216s9999||||xx |||||||||||||| ||und||
100 _aMukerjee K & Roy Gd
245 0 _aStudies In Accounting Theory
260 _bPrentice Hall Of India Pvt Ltd
_c1975
300 _a223p
942 _cBK
999 _c4538
_d4538